Statistiques concernant Auteur au pays n°3

Cliquez ici pour prendre le quiz!

Statistiques générales

  • Ce quiz a été pris 34 fois
  • Le résultat moyen est 8 sur 14

Statistiques - réponses

Auteur Pays % Correct
Simone de BeauvoirFrance
100%
Heinrich BöllAllemagne
77%
Maxime GorkiRussie
77%
Harper LeeÉtats-Unis
71%
Peter HøegDanemark
68%
Samuel BeckettIrlande
68%
Astrid LindgrenSuède
68%
Elena FerranteItalie
65%
Jo NesbøNorvège
65%
Elif ShafakTurquie
32%
Ana Maria MatuteEspagne
32%
Alice MunroCanada
26%
Nadine GordimerAfrique du Sud
13%
Buchi EmechetaNigeria
10%

Distribution des résultats

Percentile par nombre de réponses

% des personnes avec chaque résultat

Votre développement - résultats

Vous n’avez pas pris ce quiz